000 00318nam a22001217a 4500
999 _c4424
_d4424
008 250217b ||||| |||| 00| 0 eng d
020 _a9781406382716
082 _a571.8
100 _aJENKINS,MARTIN
_eAUTHOR
245 _aCATERPILLAR
260 _a87 VAUXHALL WALK,LONDON SE11 5HJ
_bWALKER BOOKS LTD
_c2019
942 _2ddc